Countries start with letter S - Statistics

General Stats
  • This quiz has been taken 46 times
  • The average score is 19 of 26
Answer Stats
Answer % Correct
South Africa
88%
South Korea
81%
South Sudan
81%
Spain
81%
Sudan
81%
Slovakia
79%
Suriname
79%
Sweden
79%
Switzerland
79%
Singapore
77%
Slovenia
77%
Syria
77%
Somalia
74%
San marino
72%
Saudi Arabia
72%
Saint Lucia
70%
Senegal
70%
Saint Kitts and Nevis
67%
Sri Lanka
67%
Serbia
65%
Seychelles
63%
Saint Vincent and the Grenadines
60%
Sierra Leone
58%
Samoa
56%
Sao Tome and Principe
56%
Solomon Islands
53%
No matching quizzes found
Score Distribution
Percent of People with Each Score
Percentile by Number Answered
Your Score History
You have not taken this quiz